Marketing management

Saved in:
Bibliographic Details
Main Authors Kotler, Philip, 1931- (Author), Keller, Kevin Lane, 1956- (Author), Chernev, Alexander (Author)
Format Book
LanguageEnglish
Published Harlow : Pearson, [2026]
EditionSeventeenth edition, global edition
Subjects
ISBN978-1-292-46271-4 1-292-46271-X
Physical Description551 stran : barevné ilustrace ; 27 cm

Cover

LEADER 00000nam a2200000 i 4500
001 115758
003 CZ ZlUTB
005 20260603141625.0
007 ta
008 260603t20262026xxka e p 001 0 eng d
020 |a 978-1-292-46271-4  |q (brožováno)  |z 1-292-46271-X 
040 |a ZLD002  |b cze  |e rda 
072 7 |a 658  |x Řízení a správa podniku  |2 Konspekt  |9 4 
072 7 |a 37.016  |x Učební osnovy. Vyučovací předměty. Učebnice  |2 Konspekt  |9 22 
080 |a 658.8:005  |2 MRF 
080 |a (075.8)  |2 MRF 
100 1 |a Kotler, Philip,  |d 1931-  |7 jn20011018131  |4 aut 
245 1 0 |a Marketing management /  |c Philip Kotler, Kevin Lane Keller, Alexander Chernev 
250 |a Seventeenth edition, global edition 
264 1 |a Harlow :  |b Pearson,  |c [2026] 
264 4 |c ©2026 
300 |a 551 stran :  |b barevné ilustrace ;  |c 27 cm 
336 |a text  |b txt  |2 rdacontent 
337 |a bez média  |b n  |2 rdamedia 
338 |a svazek  |b nc  |2 rdacarrier 
500 |a Terminologický slovník 
504 |a Obsahuje bibliografické odkazy a rejstřík 
650 0 7 |a marketingový management  |7 ph115229  |2 czenas 
650 0 9 |a marketing management  |2 eczenas 
655 7 |a učebnice vysokých škol  |7 fd133772  |2 czenas 
655 9 |a textbooks (higher)  |2 eczenas 
700 1 |a Keller, Kevin Lane,  |d 1956-  |7 mzk2007411198  |4 aut 
700 1 |a Chernev, Alexander  |7 utb2009543490  |4 aut 
910 |a ZLD002 
942 |2 udc 
952 |0 0  |1 0  |4 0  |6 339138KOTLERP  |7 -1  |8 BOOK  |9 191432  |a UTBZL  |b UTBZL  |c 005  |d 2026-06-03  |l 0  |o 339.138/KOTLER,P.  |p 420010202259  |r 2026-06-03 14:17:23  |v 1373.00  |w 2026-06-03  |x N:nákup  |y 01 
992 |a BK  |b SKNEW 
999 |c 115758  |d 115758